000 00337nam a2200157Ia 4500
100 _aLawrence/David
650 _aGeneral
942 _cBK
654 _acommodore C16
245 _aThe working commodore C16
260 _bSunshine Books
_aLondon
_c1984
082 _a1.6404
_bLAW
300 _a214
546 _aENGLISH
999 _c24896
_d24896